Kliknij powiaty województwa opolskiego na mapie - Statystyki

Ogólne statystyki
  • Ten quiz został rozwiązany 1 756 razy
  • Średni wynik to 8 z 12
Odpowiedzi na mapie
Odpowiedzi zakodowano w zielono-czerwonej skali na mapie do tego quizu, zgodnie z poniższymi procentami.
 
Statystyki odpowiedzi
Odpowiedź % Poprawnych
opolski
92%
Opole
88%
nyski
67%
brzeski
63%
namysłowski
62%
kędzierzyńsko-kozielski
60%
kluczborski
60%
oleski
59%
strzelecki
59%
głubczycki
55%
krapkowicki
55%
prudnicki
55%
Nie znaleziono quizów pasujących do podanych kryteriów
Rozkład punktacji
Procent ludzi z każdym wynikiem
Percentyl według liczby udzielonych odpowiedzi
Twoja historia wyników
Nie rozwiązałeś tego quizu